000 00776nam a2200253 i 4500
001 5931
003 ES-MaACL
005 20230906144734.0
007 t|
008 890615s1988 fr ||||1|bfre d
020 _a2-02-009860-1
080 _a92 Kafka,Franz
080 _a83(437)(Kafka,F.):92
100 1 _aPawel, Ernst.
_989692
245 1 0 _aFranz Kafka ou Le cauchemar de la raison
_b: biographie /
_ctraduite de l'americain par Michel Chion et Jean Guiloineau.
260 _aParis :
_bSeuil,
_c1988.
300 _a476 p. ;
_c24 cm.
500 _aBibliografia.
500 _aIndice.
600 1 4 _aKafka, Franz-
_xBiografĂ­as.
_967401
700 1 _aChion, Michel.
_938537
700 1 _aGuiloineau, Jean.
_960832
852 _aES-MaACL
_jL-13125
_bR.116006
_z. - rust.
999 _c5931
_d5931